| Tag |
First Indicator |
Second Indicator |
Subfields |
| LEADER |
00000cam a2200000 a 4500 |
| 001 |
in00004469913 |
| 005 |
20191202142946.0 |
| 008 |
741218s1974 ilua b s100 0 eng |
| 010 |
|
|
|a 74620125
|
| 035 |
|
|
|a (OCoLC)01177623
|
| 035 |
|
|
|9 AAD4474MS
|
| 035 |
|
|
|z (UtOrBLW)10349
|
| 035 |
|
|
|a 19212
|
| 040 |
|
|
|a DLC
|c DLC
|d m.c.
|d TMV
|d UtOrBLW
|
| 049 |
|
|
|a TMVM
|c 1 [1181859]
|
| 050 |
0 |
0 |
|a RC271.B2
|b N46
|
| 082 |
0 |
0 |
|a 616.9/94/061
|
| 096 |
|
|
|a QZ 267
|b N438 1973
|
| 245 |
0 |
0 |
|a Neoplasm immunity, BCG vaccination :
|b a Chicago symposium, 1973 /
|c edited by Ray G. Crispen.
|
| 264 |
|
1 |
|a Chicago :
|b Institute for Tuberculosis Research, University of Illinois,
|c 1974.
|
| 300 |
|
|
|a x, 112 pages :
|b illustrations ;
|c 24 cm.
|
| 336 |
|
|
|a text
|2 rdacontent
|b txt
|
| 337 |
|
|
|a unmediated
|2 rdamedia
|
| 338 |
|
|
|a volume
|2 rdacarrier
|b nc
|
| 500 |
|
|
|a "Sponsored by University of Illinois Medical Center in cooperation with Cook County Hospital, September 5, 1973, Chicago, Illinois."
|
| 504 |
|
|
|a Includes bibliographical references.
|
| 650 |
|
2 |
|a BCG Vaccine
|v Congresses.
|
| 650 |
|
2 |
|a Antineoplastic Agents
|v Congresses.
|
| 650 |
|
2 |
|a Neoplasms
|x immunology
|v Congresses.
|
| 700 |
1 |
|
|a Crispen, Ray G.
|
| 710 |
2 |
|
|a University of Illinois at the Medical Center.
|
| 710 |
2 |
|
|a Cook County Hospital (Chicago, Ill.)
|
| 999 |
|
|
|a MARS
|
| 999 |
f |
f |
|s 783be008-2840-393c-b50f-1d24ebe26746
|i 98503e8d-4480-368d-8195-e6eb5e4e57d5
|t 0
|
| 952 |
f |
f |
|p ric
|a Texas A&M University
|b Rellis Campus
|c Joint Library Facility
|d Remote Storage
|t 0
|e QZ 267 N438 1973
|h National Library of Medicine classification
|i unmediated -- volume
|m 3238900179289
|
| 998 |
f |
f |
|a QZ 267 N438 1973
|t 0
|l Remote Storage
|